Jurisprudn̊cia Crt̕ica e Crt̕ica da Jurisprudn̊cia. Trabalho e regulaȯ̂ no Estado constitucional /

Detalles Bibliográficos
Autor principal: Ramos Filho, Wilson
Otros Autores: Vieira Wandelli, Leonardo, Nunes de Mendonȧ, Ricardo
Formato: eBook
Lenguaje:portugués
Publicado: San Pablo: LTR Editora, 2013
Materias:
Acceso en línea:Acceso restringido

MARC

LEADER 00000nam a22000007a 4500
005 2014082708058.0
007 cr|||| ||||
008 140827s2013 br |||||s|||| 00||0 por d
020 |a 978-85-361-2893-1 
035 |a 12350 
040 |a vLex 
090 |c 5130  |d 5130 
100 1 |a Ramos Filho, Wilson 
245 1 0 |a Jurisprudn̊cia Crt̕ica e Crt̕ica da Jurisprudn̊cia.  |h [Recurso electrn̤ico] :  |b Trabalho e regulaȯ̂ no Estado constitucional /  |c Wilson Ramos Filho, Leonardo Vieira Wandelli, Ricardo Nunes de Mendonȧ 
256 |a Servicio en ln̕ea 
260 |a San Pablo:  |b LTR Editora,  |c 2013 
300 |a 1 recurso electrn̤ico 
506 1 |a Disponible solo en los productos indicados  |d vLex Global  |d vLex Global (Academic Edition, excluding Law Schools)  |d vLex Global (U.S. Academic Edition, Law Schools)  |d vLex Global (U.S. Academic Edition, excluding Law Schools)  |d vLex Global (Academic Edition, Law Schools) 
650 0 4 |a Derecho Civil  |z Brasil 
700 1 |a Vieira Wandelli, Leonardo 
700 1 |a Nunes de Mendonȧ, Ricardo 
740 0 |a vLex Libros (Servicio en ln̕ea) 
856 4 0 |u http://vlex.com/source/jurisprud-ncia-critica-12350  |z Acceso restringido 
942 |c BOOK 
999 0 |a Civil Law